header

Earthly bodies, magical selves (Record no. 64649)

MARC details
000 -LEADER
fixed length control field 01363nam a2200337 a 4500
082 04 - DEWEY DECIMAL CLASSIFICATION NUMBER
Classification number 299
100 1# - MAIN ENTRY--AUTHOR NAME
Personal name Pike, Sarah M.,
245 10 - TITLE STATEMENT
Title Earthly bodies, magical selves
260 ## - PUBLICATION, DISTRIBUTION, ETC. (IMPRINT)
Place of publication Berkeley, Calif. :
Name of publisher University of California Press,
Year of publication c2001.
300 ## - PHYSICAL DESCRIPTION
Number of Pages xxvi, 288 p. :
Other physical details ill.
650 #0 - SUBJECT ADDED ENTRY--TOPICAL TERM
Topical Term Neopaganism
Topical Term Neopaganism
Topical Term Festivals
856 40 - ELECTRONIC LOCATION AND ACCESS
Uniform Resource Identifier http://site.ebrary.com/lib/rucke/Doc?id=10054447

No items available.

© 2026 Rongo University
Contact us: librarian | system librarian | Rongo university